=LDR 00000nam 2200000 4500 =001 INLIS000000000017942 =005 20130612113132 =008 ***********************************Ind** =035 ##$$0010-061300000017942 =041 ##$$a Ind =082 ##$$a 495.6 =090 ##$$a 495.6, Pra p =100 ##$$a Pratiwi, Hesti =245 ##$$a Percakapan bahasa jepang, Nihongo no kawa, Hesti Pratiwi =260 ##$$a 2004 $b Jakarta =300 ##$$a vi, 176 hlm, 20 cm =650 ##$$a Bahasa Jepang-Tulisan =850 ##$$a NBPNMAT